| 000 | 00988cam a22003014a 4500 | ||
|---|---|---|---|
| 001 | 12377748 | ||
| 003 | OSt | ||
| 005 | 20161018183852.0 | ||
| 008 | 010412s2002 enk b 001 0 eng | ||
| 010 | _a 2001026238 | ||
| 020 | _a1856499588 | ||
| 020 | _a1856499596 | ||
| 040 |
_aDLC _cDLC _dDLC |
||
| 042 | _apcc | ||
| 043 | _ad------ | ||
| 050 | 0 | 0 |
_aHC59.72.P6 _bI5 2002 |
| 082 | 0 | 0 |
_a362.5 _221 _bNEI 2002 |
| 100 |
_aEdited by Webster, Neil; Engberg-Pedersen, Lars. _911218 |
||
| 245 | 0 | 0 |
_aIn the name of the poor : _bcontesting political space for poverty reduction. |
| 260 |
_aLondon ; _bPalgrave, _c2002. |
||
| 300 |
_axiii, 279 p. ; _c23 cm. |
||
| 504 | _aIncludes bibliographical references and index. | ||
| 650 | 0 |
_aPoverty eradication _96996 |
|
| 650 | 0 |
_aEconomic development _97940 |
|
| 856 | 4 | 2 |
_3Contributor biographical information _uhttp://www.loc.gov/catdir/bios/hol051/2001026238.html |
| 906 |
_a7 _bcbc _corignew _d1 _eocip _f19 _gy-gencatlg |
||
| 942 |
_2ddc _cSLOAN |
||
| 999 |
_c3555 _d3555 |
||